000 00368nam a2200133Ia 4500
008 230917s9999||||xx |||||||||||||| ||und||
040 _e159798
_aMAIN
041 _aEnglish
082 _a576.5 Y21E
100 _aYadav, Ritu
245 0 _aEvaluation of mental retardation cases in Haryana by cytogenetic and morphogenetic analysis
300 _a200 p.
942 _cTH
999 _c125040
_d125040